000 01260nam a2200325 i 4500
001 186225
003 SpMaBN
005 20251120063152.0
008 160920m19851990sp d |||| | spa d
020 _a84-404-7090-8 (1990)
080 _a17.022.1
080 _a330.138
080 _a111.852:248.1
100 1 _aMéndez, José María,
_d1929-
_9160919
245 1 0 _aTratado de axiología /
_cJosé María Méndez.
260 _aMadrid :
_bEstudios de Axiología,
_c[1985-1990]
300 _a3 t. en 2 v. (XII, 623 p. ; XIII, 417 p.,198 p. :
_bgráf. ;
_c21 cm.
500 _aÍndices.
504 _aBibliografía: p. 593-607; p. 397-403.
505 8 _aContiene: I ;
_tTeoría básica y valores éticos - II ;
_tTeoría del valor (economía axiológica) [III] ;
_tValores estéticos y ascéticos,(
_g[1990])
595 _aEn p. V de t. 1: nota a la 3ª ed. [1985] - En p. V de t. 2: nota a la 2ª ed. [1988]
650 7 _aValores (Filosofía)
_9154937
650 4 _aValor (Economía)
_9147493
650 4 _aAscetismo.
_910365
650 7 _aEstética
_2embne
_9142387
740 0 2 _aTeoría del valor (economía axiológica)
740 0 2 _aValores estéticos y ascéticos.
852 _aES-MaACL
_jN-6809-10
999 _c186225
_d186225